[Event "1.Open International Illes Medes"]
[Site "?"]
[Date "2006.12.28"]
[Round "1.1"]
[White "Delchev , Aleksander"]
[Black "Lacrosse, Marc"]
[Result "1-0"]
[WhiteElo "2628"]
[BlackElo "2238"]
[Annotator ",klaus"]
[PlyCount "92"]
[EventDate "2006.12.28"]
[SourceDate "2006.12.28"]

1. d4 d5 2. c4 e6 3. Nf3 Nf6 4. g3 Be7 5. Bg2 O-O 6. O-O dxc4 7. Qc2 a6 8. a4
Nc6 9. Qxc4 Qd5 10. Nbd2 Rd8 11. e3 a5 12. b3 Bd7 13. Bb2 Be8 14. Qe2 Qh5 15.
h3 h6 16. Rac1 Rac8 17. Nc4 Nd5 18. e4 Ndb4 19. Rfd1 f6 20. Ne3 Bd6 21. h4 Qg6
22. Nc4 Bd7 23. d5 exd5 24. exd5 Re8 25. Qd2 Ne5 (25... Ne7 26. Nxa5 Nbxd5 27.
Nxb7 Bb4 28. Qd4 $14) 26. Nfxe5 fxe5 27. Nxa5 e4 28. Nc4 (28. Nxb7 $142 $1 Nd3
29. Bxe4 Rxe4 30. Nxd6 Nxb2 31. Nxe4 Nxd1 32. Nc5 $1 $18) 28... Nd3 29. Nxd6 (
29. Bxe4 Rxe4 30. Nxd6 Nxb2 31. Nxe4 Nxd1 32. Nc5 Nxf2 33. Qxf2 Rf8 $132) 29...
Qxd6 30. Qc3 Re7 31. Rc2 (31. Rxd3 exd3 32. Qxd3 $14) 31... Qxd5 32. Rcd2 Qf5
33. Re2 (33. Bxe4 Qxe4 34. Qxd3 $16) 33... Nxb2 34. Qxb2 Bc6 35. b4 Rce8 36.
Qb3+ Kh8 37. b5 Bd7 38. Rde1 c6 39. Qb4 cxb5 40. Rxe4 (40. axb5 Qxb5 41. Qxb5
Bxb5 42. Rxe4 Rxe4 43. Rxe4 Rxe4 44. Bxe4 $11) 40... Rxe4 41. Rxe4 bxa4 42. Rf4
Qe6 43. Qxb7 a3 44. Qa7 a2 45. Kh2 {Tiempo 1-0} Bb5 46. Re4 (46. Qa3 Qa6 47.
Rf8+ Kh7 (47... Rxf8 $2 48. Qxf8+ Kh7 49. Bd5 a1=Q 50. Bg8+ Kg6 51. Qf7#) 48.
Qxa6 Bxa6 49. Rxe8 a1=Q $19) 46... Qb3 1-0

[Event "1.Open International Illes Medes"]
[Site "?"]
[Date "2006.12.28"]
[Round "1.2"]
[White "Alonso Rosell, Alvar"]
[Black "Hamdouchi, Hichem"]
[Result "0-1"]
[WhiteElo "2231"]
[BlackElo "2582"]
[Annotator ",klaus"]
[PlyCount "88"]
[EventDate "2006.12.28"]
[SourceDate "2006.12.28"]

1. d4 e6 2. c4 c5 3. d5 exd5 4. cxd5 d6 5. Nc3 g6 6. e4 Bg7 7. h3 Ne7 8. Nf3
O-O 9. Bd3 h6 10. O-O g5 11. e5 $5 dxe5 12. d6 Nf5 13. Ne4 Be6 14. Nfxg5 $1
hxg5 15. Bxg5 f6 (15... Qb6 16. Qh5 Nd7 17. Ng3 Nf6 18. Bxf6 Bxf6 19. Bxf5 Bxf5
20. Nxf5 $18) 16. Nxc5 Qe8 17. Be4 Nd4 18. Bxb7 Nd7 19. Nxe6 Qxe6 20. Bxa8 Rxa8
(20... fxg5 21. Be4 Qxd6 $13) 21. Be3 Qxd6 22. Rc1 Rb8 23. b3 Nc5 24. Bxd4 exd4
25. Qh5 (25. Qg4 $142 d3 (25... Nd3 $2 26. Rc8+ Rxc8 27. Qxc8+ Kf7 28. Qc4+)
26. Qc4+ Ne6 27. Rce1 Re8 28. Re3 d2 29. Rd3 $18) 25... Nd3 26. Rcd1 Nf4 27.
Qf3 Rf8 28. Rfe1 f5 29. h4 Ng6 30. h5 Ne5 31. Qf4 Kh7 32. h6 $6 Qxh6 33. Rxd4
Nf3+ $1 34. gxf3 Bxd4 35. Re7+ Bg7 36. Qxh6+ Kxh6 37. Rxa7 Rd8 38. b4 Rd2 39.
b5 Bd4 40. Ra6+ Kg5 41. a4 Kf4 42. Rh6 Bxf2+ 43. Kh1 Kxf3 44. Rg6 Bg3 0-1

[Event "1. Open Illes Medes"]
[Site "?"]
[Date "2006.12.28"]
[Round "1.4"]
[White "Lillo Ferrer, Jose Maria"]
[Black "Moskalenko , Viktor"]
[Result "0-1"]
[WhiteElo "2214"]
[BlackElo "2543"]
[Annotator ",klaus"]
[PlyCount "76"]
[EventDate "2006.12.28"]
[SourceDate "2006.12.28"]

1. e4 c5 2. d3 Nc6 3. f4 d5 4. Be2 dxe4 5. dxe4 Qxd1+ 6. Bxd1 b6 7. Nc3 Bb7 8.
Nf3 e6 9. O-O Nf6 10. e5 Nd7 11. Re1 Be7 12. Ne4 O-O 13. c3 c4 14. Bc2 Nc5 15.
Nxc5 Bxc5+ 16. Be3 Bxe3+ 17. Rxe3 Ne7 18. Ng5 h6 19. Ne4 Nf5 20. Ree1 Rad8 21.
Kf2 b5 22. a3 (22. a4 a6 23. axb5 axb5 24. Ra5 Bc6 25. g4 Ne7 26. Kg3 $14)
22... a5 23. Red1 Bd5 24. g4 Ne7 25. Ke3 Rb8 26. Ng3 b4 27. axb4 axb4 28. Ne2
Rfc8 29. Ra4 Bc6 30. Ra7 Nd5+ 31. Kd4 $6 Rd8 32. cxb4 Nxb4+ 33. Kc3 Nd5+ 34.
Kd4 Rbc8 35. f5 c3 36. Rb1 Bb5 37. Ng3 Rc4+ {Fritz 9:} 38. Kd3 Rxg4# {
[%eval -32766,0]} 0-1

[Event "I Illes Medes 2006-07"]
[Site "?"]
[Date "2006.12.28"]
[Round "1.5"]
[White "Mirzoev, A."]
[Black "Bruned, B."]
[Result "1-0"]
[WhiteElo "2543"]
[BlackElo "2211"]
[PlyCount "55"]
[EventDate "2006.12.28"]
[SourceDate "2006.12.28"]

1. d4 Nf6 2. Bg5 c5 3. Bxf6 gxf6 4. e3 cxd4 5. exd4 d5 6. Nf3 Qa5+ 7. c3 Bd7 8.
Bd3 Bb5 9. O-O Qa6 $6 (9... e6) 10. Bxb5+ Qxb5 11. Nbd2 Nc6 12. a4 Qb6 13. c4
Nxd4 14. cxd5 Rd8 15. Nc4 Nxf3+ 16. Qxf3 Qc5 17. Ne3 Bh6 18. Nf5 Bd2 19. d6 e6
20. Ng7+ Kf8 21. Qxf6 (21. Nxe6+ $142 $1 fxe6 22. Qxf6+ Kg8 23. Qxd8+) 21...
Rxd6 22. Nxe6+ Rxe6 23. Qxh8+ Ke7 24. Qxh7 Rg6 25. Qh4+ Ke8 26. Ra3 Qc6 27. Rg3
Rxg3 28. hxg3 1-0

[Event "1. Open Illes Medes"]
[Site "?"]
[Date "2006.12.28"]
[Round "1.6"]
[White "Kozak, Magdalena"]
[Black "Suba , Mihai"]
[Result "1/2-1/2"]
[WhiteElo "2228"]
[BlackElo "2535"]
[Annotator ",klaus"]
[PlyCount "100"]
[EventDate "2006.12.28"]
[SourceDate "2006.12.28"]

1. d4 Nf6 2. c4 e6 3. Nc3 Bb4 4. f3 d5 5. a3 Bxc3+ 6. bxc3 c5 7. e3 Qc7 8. cxd5
exd5 9. Ne2 h5 10. Nf4 Bf5 11. Bb5+ Nbd7 12. O-O O-O 13. a4 Rfe8 14. Re1 Rac8
15. c4 cxd4 16. Nxd5 Nxd5 17. cxd5 dxe3 18. Bxe3 a6 19. Bd3 Bxd3 20. Qxd3 Qa5
21. Bf2 Rxe1+ 22. Bxe1 Qb6+ 23. Bf2 Qb2 24. Bd4 Rc1+ 25. Rxc1 Qxc1+ 26. Kf2 h4
27. Qe2 Qf4 28. Qe8+ (28. Qe3 Qxe3+ (28... Qxh2 29. Qe8+ Nf8 30. Be5 $18) 29.
Kxe3 $16) 28... Nf8 29. Be3 Qd6 (29... Qxh2 30. Bc5 h3 31. Qxf8+ Kh7 32. Bd6
Qxg2+ 33. Ke3 Qg1+ $11) 30. Qe4 f6 31. Qc4 Kf7 32. Bc5 Qxh2 33. Bxf8 Qg3+ 34.
Kf1 h3 35. d6+ Kxf8 36. Qc8+ Kf7 37. Qd7+ Kg6 38. gxh3 Qxf3+ 39. Ke1 Qe3+ 40.
Kf1 f5 41. Qc7 Qxh3+ 42. Kf2 Qh2+ 43. Kf3 Qe5 44. Qd8 f4 45. d7 Qe3+ 46. Kg2
f3+ 47. Kh2 Qf4+ (47... Qe5+ $1 48. Kh3 (48. Kh1 Kf7 $19) (48. Kg1 $2 Qg3+ 49.
Kf1 Qg2+ 50. Ke1 Qe2#) 48... Kf7 49. Qc8 f2 $19) 48. Kh3 f2 49. Qe8+ Kh6 50.
Qh8+ Kg6 1/2-1/2

[Event "I Illes Medes 2006-07"]
[Site "?"]
[Date "2006.12.28"]
[Round "1.7"]
[White "Chatalbashev, B."]
[Black "Santos, J."]
[Result "1-0"]
[WhiteElo "2534"]
[BlackElo "2195"]
[PlyCount "33"]
[EventDate "2006.12.28"]
[SourceDate "2006.12.28"]

1. d4 d5 2. c4 e5 3. dxe5 d4 4. Nf3 Nc6 5. a3 Bg4 6. Qb3 Qd7 $6 (6... Rb8 $142
7. Nbd2 Nge7) 7. Qxb7 Rb8 8. Qa6 d3 9. Nbd2 Bc5 10. e3 Nge7 11. Ne4 Bb4+ $2 (
11... Bb6 12. c5 Bxf3 13. gxf3 Nxe5 14. Bg2 d2+ 15. Bxd2 Nd3+ 16. Kf1 Nxc5 17.
Nxc5 Bxc5 $13) 12. axb4 Nxb4 13. Nc5 Qf5 (13... Nc2+ 14. Kd1 Qd8 15. Qa4+ Kf8
16. Rb1 $18) 14. Qa4+ Kf8 15. Nd4 Qg6 16. e6 Kg8 17. Qd7 1-0

[Event "1. Open Illes Medes"]
[Site "?"]
[Date "2006.12.28"]
[Round "1.8"]
[White "Mayo Casademont, Marti"]
[Black "Jankovic, Alojzije"]
[Result "1/2-1/2"]
[WhiteElo "2186"]
[BlackElo "2533"]
[Annotator ",klaus"]
[PlyCount "73"]
[EventDate "2006.12.28"]
[SourceDate "2006.12.28"]

1. d4 Nf6 2. c4 g6 3. Nc3 Bg7 4. e4 d6 5. f4 O-O 6. Nf3 c5 7. d5 e6 8. dxe6
fxe6 9. Bd3 Nc6 10. O-O e5 11. f5 gxf5 12. exf5 Nd4 13. Ng5 h6 14. Nge4 Nxe4
15. Nxe4 (15. Bxe4 Bxf5 16. Bxf5 Nxf5 17. Qd5+ Kh8 18. Qxb7 Nd4 19. Rxf8+ Qxf8
20. Qe4 $11) 15... Nxf5 16. Qh5 Bd7 (16... d5 17. cxd5 Qxd5 $17) 17. g4 Be8 18.
Qh3 Qh4 19. Qg2 Nd4 20. Rxf8+ Bxf8 21. g5 Kh8 (21... Qe1+ 22. Qf1 Nf3+ 23. Kg2
Qxf1+ 24. Kxf1 Nxg5 25. Nxg5 hxg5 26. Bxg5 Bc6 $17) 22. Bd2 Bc6 23. Rf1 Be7 24.
g6 Kg8 (24... Rg8 $142 $19 25. Rf7 Rg7) 25. g7 (25. Be1 Qh5 26. Bd2 Re8 27. h3
$11) 25... Bg5 26. Bxg5 hxg5 27. Qxg5 Qxg5+ 28. Nxg5 Re8 29. Rf7 Nf3+ 30. Rxf3
Bxf3 31. Bg6 Bc6 32. Bxe8 Bxe8 33. Ne4 Bc6 34. Nxd6 Kxg7 35. Kf2 Kf6 36. Ke3
Ke6 37. Ne4 1/2-1/2

[Event "1. Open Illes Medes"]
[Site "?"]
[Date "2006.12.28"]
[Round "1.10"]
[White "Anibar, Ahmed"]
[Black "Lopez Martinez, Josep Manuel"]
[Result "0-1"]
[WhiteElo "2185"]
[BlackElo "2508"]
[Annotator ",klaus"]
[PlyCount "55"]
[EventDate "2006.12.28"]
[SourceDate "2006.12.28"]

1. e4 c5 2. Nf3 d6 3. Bb5+ Bd7 4. Bxd7+ Qxd7 5. O-O Nc6 6. c3 Nf6 7. Qe2 e6 8.
Rd1 Be7 9. d4 cxd4 10. cxd4 d5 11. e5 Ne4 12. Be3 O-O 13. Ne1 f6 14. f3 Ng5 15.
Nc3 fxe5 16. dxe5 Nf7 17. f4 Nh6 18. Rac1 Qe8 19. Nb5 Qg6 20. Nd3 Ng4 21. Nd6
Na5 22. f5 (22. Bc5 b6 23. Bd4 Bxd6 24. exd6 Nc4 25. d7 Rad8 26. b3 Nd6 27. h3
Nh6 28. Ne5 $16) 22... exf5 23. Nf4 (23. Bf4 $11) 23... Qh6 24. Rxd5 $6 (24. h3
Nxe5 25. Nxb7 Bg5 $13) 24... Qxh2+ 25. Kf1 Nc6 26. Nxb7 Bg5 27. Rxc6 Bxf4 28.
Bg1 0-1

[Event "1. Open Illes Medes"]
[Site "?"]
[Date "2006.12.28"]
[Round "1.11"]
[White "Shengelia, Davit"]
[Black "Vilar Lopez, Monica"]
[Result "1-0"]
[WhiteElo "2504"]
[BlackElo "2184"]
[PlyCount "69"]
[EventDate "2006.12.28"]
[SourceDate "2006.12.28"]

1. d4 d5 2. c4 e6 3. Nf3 c5 4. e3 Nf6 5. cxd5 exd5 6. Bb5+ Bd7 7. Bxd7+ Nbxd7
8. dxc5 Nxc5 9. O-O Bd6 10. Bd2 O-O 11. Bc3 Nfe4 12. Bd4 Ne6 13. Nc3 Nxd4 14.
Qxd4 Nxc3 15. Qxc3 Qe7 16. Rfd1 Rac8 17. Qb3 Rc6 18. Rxd5 Rfc8 19. Rad1 h6 20.
g3 Qf6 21. Kg2 Rb6 22. Qd3 Be7 23. b3 Rbc6 24. Rf5 Qb2 25. Qd5 Rf6 26. Rd2 Rc2
27. Rxc2 Qxc2 28. Re5 Qc7 29. Qe4 Bf8 30. Nd4 g6 31. Re8 Kg7 32. Ra8 Qa5 33. a4
Qd2 34. Nf3 Qd7 35. Rxa7 1-0

[Event "1. Open Illes Medes"]
[Site "?"]
[Date "2006.12.28"]
[Round "1.12"]
[White "Hallerod, Ralph"]
[Black "Cornette,  Matthieu"]
[Result "0-1"]
[WhiteElo "2180"]
[BlackElo "2480"]
[Annotator ",klaus"]
[PlyCount "66"]
[EventDate "2006.12.28"]
[SourceDate "2006.12.28"]

1. d4 Nf6 2. c4 e6 3. Nc3 c5 4. e3 a6 5. dxc5 Bxc5 6. a3 O-O 7. b4 Be7 8. Nf3
b6 9. Bd3 Bb7 10. O-O a5 11. bxa5 Rxa5 12. Nb5 d5 13. cxd5 Qxd5 14. a4 Nbd7 15.
Bc2 Qh5 16. Bb2 Rd8 17. Bc3 Raa8 18. Qe2 Ne4 19. Bxe4 Bxe4 20. Nfd4 Qg6 21. f4
Nc5 22. Rf3 $6 Bxf3 23. Qxf3 Rxa4 24. Rxa4 Qb1+ 25. Kf2 Nxa4 26. Qb7 Nxc3 27.
Qxe7 Ne4+ 28. Kf3 Rf8 29. Nc7 Nf6 30. Ncxe6 Qe4+ 31. Kf2 fxe6 32. Nxe6 Qxe3+
33. Kf1 Qd3+ 0-1

[Event "?"]
[Site "?"]
[Date "2006.12.28"]
[Round "1.13"]
[White "Carlsson , Pontus"]
[Black "Tosan Pereira, Felipe"]
[Result "1-0"]
[WhiteElo "2407"]
[BlackElo "2172"]
[PlyCount "58"]
[EventDate "2006.12.28"]
[SourceDate "2006.12.28"]

1. e4 c5 2. Nf3 g6 3. d4 cxd4 4. Nxd4 Nc6 5. Nc3 Bg7 6. Be3 Nf6 7. Bc4 O-O 8.
Bb3 a5 9. O-O a4 10. Nxa4 Nxe4 11. Nb5 Ra6 12. Qe2 d6 13. c4 Be6 14. Rad1 Na5
15. f3 Nf6 16. Nc5 Ra8 17. Nxe6 fxe6 18. Bf2 Qc8 19. Rfe1 e5 20. c5+ Nxb3 21.
axb3 dxc5 22. Qc4+ Kh8 23. Rxe5 Rd8 24. Rde1 Rd2 25. Rxe7 Ra2 26. Bd4 Raxb2 27.
Bxb2 Rxb2 28. Qc3 Ra2 29. Rxg7 Kxg7 1-0

[Event "?"]
[Site "?"]
[Date "2006.12.28"]
[Round "1.17"]
[White "Prats Rodriguez, Juan"]
[Black "Fluvia Poyatos, Jordi"]
[Result "0-1"]
[WhiteElo "2159"]
[BlackElo "2458"]
[PlyCount "52"]
[SourceDate "2006.12.28"]

1. e4 d6 2. d4 Nf6 3. Nc3 g6 4. Nf3 Bg7 5. h3 c6 6. a4 O-O 7. Be3 Nbd7 8. a5
Qc7 9. Be2 Rb8 10. O-O b5 11. axb6 axb6 12. Qd2 b5 13. b4 Re8 14. e5 Nd5 15.
Nxd5 cxd5 16. exd6 exd6 17. Ra5 Qc6 18. Bd3 Nf6 19. Bf4 Ne4 20. Bxe4 dxe4 21.
d5 Qc4 22. Bxd6 exf3 23. Bxb8 fxg2 24. Re1 Rxe1+ 25. Qxe1 Bxh3 26. Kh2 Qf1 0-1

[Event "?"]
[Site "?"]
[Date "2006.12.28"]
[Round "1.15"]
[White "Fluvia Poyatos, Joan"]
[Black "Bozinovic, Boban"]
[Result "1-0"]
[WhiteElo "2457"]
[BlackElo "2144"]
[PlyCount "63"]
[SourceDate "2006.12.28"]

1. e4 c5 2. Nf3 d6 3. d4 cxd4 4. Nxd4 Nf6 5. Nc3 g6 6. Be2 Bg7 7. O-O O-O 8.
Re1 Nc6 9. Nb3 Be6 10. Bf3 Ne5 11. Nd5 Bxd5 12. exd5 Nxf3+ 13. Qxf3 Rc8 14. c3
Re8 15. Be3 a6 16. Bd4 Nd7 17. Bxg7 Kxg7 18. Re2 Ne5 19. Qg3 a5 20. Rae1 a4 21.
Nd4 Qd7 22. f4 Ng4 23. Ne6+ fxe6 24. Qxg4 Qb5 25. Rxe6 Rc7 26. f5 Qc5+ 27. Kh1
Qxd5 28. fxg6 h6 29. Qxa4 b5 30. Qh4 Qxa2 31. Qd4+ Kg8 32. Qf4 1-0

[Event "?"]
[Site "?"]
[Date "2006.12.29"]
[Round "?"]
[White "Gasik, Anna"]
[Black "Fernandes, Antonio"]
[Result "1-0"]
[WhiteElo "2143"]
[BlackElo "2453"]
[PlyCount "77"]
[SourceDate "2006.12.28"]

1. e4 c5 2. Nc3 a6 3. g3 Nc6 4. Bg2 g6 5. d3 Bg7 6. Be3 d6 7. Qd2 e6 8. Nge2
Bd7 9. O-O Qa5 10. a3 Nd4 11. b4 Qc7 12. Rab1 Rc8 13. bxc5 dxc5 14. e5 b5 15.
Nxd4 cxd4 16. Bxd4 Bxe5 17. Bxe5 Qxe5 18. Ne4 Bc6 19. d4 Qc7 20. d5 Bxd5 21.
Qd4 f6 22. Nxf6+ Nxf6 23. Bxd5 Kf7 24. Bb3 Rhe8 25. Rfe1 Rcd8 26. Qh4 Rd2 27.
Re3 Kg7 28. Rbe1 e5 29. Qg5 h6 30. Qh4 Rd4 31. Qh3 Qd6 32. Qf1 e4 33. f3 Rd2
34. fxe4 Re5 35. Kh1 Qe7 36. Qf4 g5 37. Qf3 Qxa3 38. Rf1 Rd6 39. Be6 1-0

[Event "?"]
[Site "?"]
[Date "2006.12.29"]
[Round "1.18"]
[White "Yastrebova, Tatiana"]
[Black "Doric, Darko"]
[Result "0-1"]
[WhiteElo "2099"]
[BlackElo "2448"]
[PlyCount "50"]
[SourceDate "2006.12.28"]

1. d4 d5 2. Nf3 c6 3. c4 e6 4. cxd5 exd5 5. Nc3 Bf5 6. Bf4 Qb6 7. Qd2 Nd7 8. e3
Ngf6 9. Be2 Ne4 10. Qc1 Be7 11. O-O O-O 12. Nd2 g5 13. Bg3 Nxg3 14. hxg3 Bg6
15. Rd1 Rae8 16. Nf3 f5 17. Na4 Qc7 18. Nc5 Bd6 19. Nxd7 Qxd7 20. Qd2 f4 21.
gxf4 gxf4 22. Bd3 fxe3 23. fxe3 Bxd3 24. Qxd3 Qe7 25. Re1 Qh4 0-1

[Event "?"]
[Site "?"]
[Date "2006.12.29"]
[Round "1.19"]
[White "Campos Moreno, Javier"]
[Black "Ortells Perez, Victor"]
[Result "1-0"]
[WhiteElo "2453"]
[BlackElo "2099"]
[PlyCount "137"]
[SourceDate "2006.12.28"]

1. d4 d5 2. c4 c6 3. Nf3 Nf6 4. Nc3 e6 5. g3 Nbd7 6. Bg2 Be7 7. O-O O-O 8. b3
b6 9. Qc2 Bb7 10. Rd1 Rc8 11. e4 dxe4 12. Nxe4 Nxe4 13. Qxe4 Nf6 14. Qe2 Qc7
15. Bf4 Bd6 16. Bxd6 Qxd6 17. Ne5 Rfd8 18. Rac1 Ba6 19. Qe1 c5 20. Nc6 cxd4 21.
Rxd4 Rxc6 22. Rxd6 Rcxd6 23. Bf3 Nd7 24. b4 f6 25. c5 Ne5 26. Be2 Rd2 27. Qxd2
Rxd2 28. Bxa6 bxc5 29. bxc5 Rd7 30. Bc8 Rc7 31. Bxe6+ Kf8 32. Rc3 Ke7 33. Bd5
Nd7 34. c6 Nb8 35. Rb3 Na6 36. f4 Nc5 37. Rb8 Kd6 38. Bf3 Ne6 39. Kf2 Ke7 40.
Rg8 Kd6 41. Ke3 Nc5 42. Kd4 Ne6+ 43. Kc4 Re7 44. Bd5 g6 45. Bxe6 Rxe6 46. Kb5
Re2 47. Rd8+ Kc7 48. Rd7+ Kc8 49. Rxa7 Rxh2 50. a4 h5 51. Rg7 Rb2+ 52. Kc5 Rc2+
53. Kd6 Rd2+ 54. Ke6 Rc2 55. Kxf6 Rxc6+ 56. Kg5 Rc3 57. Rxg6 Rxg3+ 58. Kxh5 Ra3
59. Rd6 Rxa4 60. f5 Ra1 61. f6 Kc7 62. Rd5 Rh1+ 63. Kg6 Rg1+ 64. Kf7 Rg2 65.
Ke7 Re2+ 66. Kf8 Rg2 67. f7 Rg1 68. Ke7 Re1+ 69. Kf6 1-0

[Event "?"]
[Site "?"]
[Date "2006.12.29"]
[Round "1.20"]
[White "Fowler, John"]
[Black "Landerberguer, Claude"]
[Result "0-1"]
[WhiteElo "2087"]
[BlackElo "2446"]
[PlyCount "72"]
[SourceDate "2006.12.28"]

1. d4 Nf6 2. Nc3 d5 3. e4 e6 4. Bg5 dxe4 5. Nxe4 Be7 6. Bxf6 gxf6 7. c3 b6 8.
Nf3 Bb7 9. Qc2 Nd7 10. O-O-O c6 11. Bd3 Qc7 12. Rhe1 O-O-O 13. g3 Kb8 14. Kb1
Nf8 15. Qe2 Ng6 16. Ba6 Ba8 17. a4 f5 18. Ned2 Bf6 19. Nb3 h5 20. Nfd2 h4 21.
a5 Ne7 22. axb6 axb6 23. f4 Nd5 24. Bc4 hxg3 25. Bxd5 Rxd5 26. hxg3 Rhd8 27.
Nf3 Rb5 28. Kc2 Bb7 29. Ra1 Rbd5 30. Qc4 R5d7 31. Qa4 c5 32. Ne5 Bxe5 33. dxe5
Qc6 34. Re2 Qf3 35. Rae1 Qd3+ 36. Kc1 Qxg3 0-1

[Event "I Illes Medes 2006-07"]
[Site "?"]
[Date "2006.12.28"]
[Round "1.25"]
[White "Benitah, Y."]
[Black "Blanco, R."]
[Result "1-0"]
[WhiteElo "2412"]
[BlackElo "1991"]
[PlyCount "42"]
[EventDate "2006.12.28"]
[SourceDate "2006.12.28"]

1. d4 Nf6 2. c4 c5 3. d5 e6 4. Nc3 exd5 5. cxd5 d6 6. e4 g6 7. f3 a6 8. a4 b6
9. Bg5 Bg7 10. Nge2 Qc7 11. Ng3 Nbd7 12. Be2 Rb8 13. Qd2 h5 14. O-O O-O 15.
Rfe1 c4 16. Be3 b5 17. axb5 axb5 18. b4 cxb3 19. Nxb5 Qd8 20. Rab1 Nc5 21. Nxd6
Na4 1-0

[Event "I Illes Medes 2006-07"]
[Site "?"]
[Date "2006.12.28"]
[Round "1.29"]
[White "Estremera, S."]
[Black "Colls, E."]
[Result "1-0"]
[WhiteElo "2380"]
[BlackElo "1965"]
[PlyCount "45"]
[EventDate "2006.12.28"]
[SourceDate "2006.12.28"]

1. d4 Nf6 2. c4 e6 3. Nc3 Bb4 4. e3 b6 5. Bd3 Bb7 6. Nf3 Bxc3+ 7. bxc3 Ne4 8.
O-O O-O 9. Ne1 f5 10. f3 Nf6 11. Qe2 d6 12. e4 fxe4 13. fxe4 e5 14. Nf3 Nbd7
15. c5 exd4 16. cxd4 bxc5 17. e5 dxe5 18. dxe5 Re8 19. Bb2 c4 20. exf6 cxd3 (
20... Rxe2 21. Bxc4+ Kf8 (21... Kh8 22. fxg7#) 22. fxg7+ Ke7 23. Bxe2 Qg8 24.
Ng5 $18) 21. f7+ Kxf7 22. Ng5+ Kg8 23. Qh5 1-0

[Event "I Open Internacional Illes Medes 2006"]
[Site "?"]
[Date "2006.12.29"]
[Round "2.1"]
[White "Genber R."]
[Black "Delchev Aleksander"]
[Result "1-0"]
[WhiteElo "2366"]
[BlackElo "2628"]
[PlyCount "63"]
[EventDate "2006.12.29"]
[SourceDate "2006.12.29"]

1. d4 Nf6 2. c4 e6 3. Nc3 Bb4 4. e3 c5 5. Nge2 b6 6. a3 Ba5 7. Bd2 O-O 8. Ng3
d5 9. cxd5 cxd4 10. exd4 Bxc3 11. bxc3 exd5 12. Be2 Ba6 13. Bxa6 Nxa6 14. O-O
Nc7 15. Qf3 Ne6 16. Rfe1 a5 17. Re5 Ra7 18. h4 Rd7 19. Rae1 Kh8 20. Rf5 Re7 21.
h5 Rfe8 22. Re2 Ne4 23. Nxe4 dxe4 24. Rxe4 f6 25. h6 Ng5 26. hxg7+ Kg8 27. Bxg5
Rxe4 28. Rxf6 Re1+ 29. Kh2 Qc7+ 30. g3 Qxg7 31. Qd5+ Kh8 32. Rf7 1-0

[Event "I Open Internacional Illes Medes 2006"]
[Site "?"]
[Date "????.??.??"]
[Round "2.2"]
[White "Hamdouchi Hichem"]
[Black "Calzetta Monica"]
[Result "1-0"]
[WhiteElo "2582"]
[BlackElo "2344"]
[PlyCount "103"]
[EventDate "2006.12.29"]
[SourceDate "2006.12.29"]

1. d4 Nf6 2. Nf3 c5 3. e3 g6 4. c3 Bg7 5. dxc5 Qc7 6. b4 b6 7. cxb6 axb6 8. Bb2
Nc6 9. a3 O-O 10. c4 Bb7 11. Nbd2 Ra7 12. Be2 Ng4 13. Bxg7 Kxg7 14. Qb3 f6 15.
h3 Nge5 16. O-O Rfa8 17. Nd4 Nxd4 18. exd4 Nc6 19. Nf3 Qd6 20. Qc3 Nd8 21. d5
e5 22. dxe6 Nxe6 23. Rfd1 Qc7 24. Nd4 Nf4 25. Bf1 Qe5 26. Qe3 Bc6 27. Nxc6 dxc6
28. Qxe5 fxe5 29. Rd6 Rxa3 30. Rxa3 Rxa3 31. g3 Nh5 32. Rxc6 e4 33. Be2 Nf6 34.
Rxb6 e3 35. Re6 exf2+ 36. Kxf2 Kf7 37. Re3 Ra2 38. c5 Rc2 39. Ke1 Nd5 40. Rb3
Ke7 41. Kd1 Rc3 42. Rxc3 Nxc3+ 43. Kd2 Ne4+ 44. Kd3 Nxg3 45. b5 h5 46. b6 Kd7
47. Bf3 Nf5 48. Ke4 Kc8 49. Ke5 Ne3 50. Bd5 g5 51. Be6+ Kb7 52. Kd6 1-0

[Event "I Open Internacional Illes Medes 2006"]
[Site "?"]
[Date "????.??.??"]
[Round "3.2"]
[White "Lubczynski Rafal"]
[Black "Bartel Mateusz"]
[Result "1/2-1/2"]
[WhiteElo "2343"]
[BlackElo "2569"]
[PlyCount "146"]
[EventDate "2006.12.29"]
[SourceDate "2006.12.29"]

1. d4 f5 2. Nf3 Nf6 3. g3 g6 4. Bg2 Bg7 5. O-O O-O 6. b3 Ne4 7. Bb2 d5 8. c4 c6
9. Nc3 Be6 10. Qc2 Nd7 11. Rad1 a6 12. Nxe4 fxe4 13. Ne5 Qb6 14. Nxd7 Bxd7 15.
Ba3 Rf7 16. Bc5 Qd8 17. f3 exf3 18. exf3 g5 19. Qd2 dxc4 20. bxc4 h6 21. Qb4 b5
22. Rfe1 a5 23. Qb3 Rb8 24. cxb5 Rxb5 25. Qc4 e6 26. Rd3 Qb8 27. Rb3 Bf8 28.
Ree3 Bxc5 29. dxc5 Qf8 30. Rxb5 cxb5 31. Qc2 Qg7 32. c6 Qd4 33. Kf2 Bc8 34.
Qg6+ Qg7 35. Qd3 Rf5 36. Bh3 Rd5 37. Qe4 Rd2+ 38. Re2 Rxe2+ 39. Qxe2 Qd4+ 40.
Kg2 Qd5 41. Qc2 Kf8 42. Bg4 Ke7 43. h4 gxh4 44. gxh4 Kd6 45. h5 a4 46. Kh3 a3
47. c7 b4 48. Qa4 Qc5 49. Qe8 Kxc7 50. Qh8 Qc3 51. Qf8 Bd7 52. Qf4+ Kb6 53. Qf8
Kc7 54. Qf4+ Kb6 55. Qd6+ Bc6 56. Kh4 b3 57. Qxa3 Qf6+ 58. Kh3 b2 59. Qb4+ Kc7
60. f4 b1=R 61. Qxb1 Qxf4 62. Qh7+ Kd6 63. Qd3+ Bd5 64. a3 Ke7 65. Qh7+ Kd6 66.
Qd3 Qc1 67. Bf3 Kc5 68. Bd1 Bc4 69. Qf3 Qg5 70. Qf2+ Kd6 71. Qg3+ Qxg3+ 72.
Kxg3 Ke5 73. a4 Ke4 1/2-1/2

[Event "I Open Internacional Illes Medes 2006"]
[Site "?"]
[Date "????.??.??"]
[Round "2.6"]
[White "Cruz Cristhian"]
[Black "Chatalbashev Boris"]
[Result "0-1"]
[WhiteElo "2338"]
[BlackElo "2534"]
[PlyCount "60"]
[EventDate "2006.12.29"]
[SourceDate "2006.12.29"]

1. d4 g6 2. Nf3 Bg7 3. Bf4 d6 4. e3 Nf6 5. h3 O-O 6. Be2 b6 7. O-O Bb7 8. Nbd2
Nbd7 9. a4 a6 10. c3 Re8 11. Qb3 e5 12. Bh2 Qe7 13. Rfc1 Rad8 14. a5 b5 15.
dxe5 dxe5 16. c4 e4 17. Ne1 Ne5 18. Rc2 c6 19. Rac1 Rd7 20. Nb1 Red8 21. Nc3
Qe6 22. Bxe5 Qxe5 23. Bf1 h5 24. Ne2 h4 25. cxb5 cxb5 26. Nd4 Nd5 27. Nc6 Bxc6
28. Rxc6 Qxb2 29. Qxb2 Bxb2 30. Rb1 Nb4 0-1

[Event "I Open Internacional Illes Medes 2006"]
[Site "?"]
[Date "2006.12.29"]
[Round "2.7"]
[White "Bronowicki Mateusz"]
[Black "Maze Sebastien"]
[Result "0-1"]
[WhiteElo "2338"]
[BlackElo "2510"]
[PlyCount "55"]
[EventDate "2006.12.29"]
[SourceDate "2006.12.29"]

1. d4 d5 2. c4 c6 3. cxd5 cxd5 4. Nc3 Nf6 5. Bf4 a6 6. e3 Nc6 7. Bd3 g6 8. Nge2
Bg7 9. Rc1 Nh5 10. Bg5 h6 11. Bh4 g5 12. Bg3 e6 13. Na4 Nxg3 14. hxg3 O-O 15.
Nc5 Na5 16. Bb1 Nc4 17. g4 b6 18. Nd3 Qd6 19. Rh3 Bd7 20. e4 dxe4 21. Rxc4 exd3
22. Qxd3 f5 23. Rc1 Rac8 24. Rxc8 Rxc8 25. Nc3 b5 26. a3 Kf8 27. Ba2 Bxd4 28.
Ne2 0-1

[Event "I Open Internacional Illes Medes 2006"]
[Site "?"]
[Date "2006.12.29"]
[Round "2.8"]
[White "Lopez Martinez J.Manuel"]
[Black "Vernay Clovis"]
[Result "1-0"]
[WhiteElo "2508"]
[BlackElo "2334"]
[PlyCount "77"]
[EventDate "2006.12.29"]
[SourceDate "2006.12.29"]

1. e4 e6 2. d4 d5 3. Nc3 Bb4 4. e5 b6 5. a3 Bf8 6. Nf3 a5 7. h4 h5 8. Ne2 Ba6
9. Nf4 Bxf1 10. Kxf1 Qd7 11. g3 Ne7 12. Kg2 g6 13. Nh3 Nf5 14. Bg5 a4 15. Nf4
Nc6 16. c4 Nce7 17. Rc1 Ra7 18. Bf6 Bg7 19. Bxg7 Nxg7 20. Qd2 Ngf5 21. Rhd1 Kf8
22. Nh3 dxc4 23. Rxc4 Nd5 24. Nhg5 Kg7 25. Ne4 Rd8 26. Kh3 Ra5 27. Rdc1 Qe7 28.
Qc2 Rda8 29. Nc3 Qd7 30. Qd2 R8a7 31. Qg5 Nxc3 32. R1xc3 Rb5 33. Qc1 Qd5 34.
Kh2 c5 35. dxc5 bxc5 36. Kh3 Rab7 37. Qg5 Nd4 38. Qf6+ Kh7 39. Rxd4 1-0